Machine Learning (Record no. 6869)

MARC details
000 -LEADER
fixed length control field 00321nam a2200145Ia 4500
008 - FIXED-LENGTH DATA ELEMENTS--GENERAL INFORMATION
fixed length control field 191201s2019 xx 000 0 und d
020 ## - INTERNATIONAL STANDARD BOOK NUMBER
International Standard Book Number 9789353066697
082 ## - DEWEY DECIMAL CLASSIFICATION NUMBER
Classification number 006.31 DUM
100 ## - MAIN ENTRY--PERSONAL NAME
Personal name DUTT, Saikat
245 #0 - TITLE STATEMENT
Title Machine Learning
260 ## - PUBLICATION, DISTRIBUTION, ETC. (IMPRINT)
Name of publisher, distributor, etc Pearson
300 ## - PHYSICAL DESCRIPTION
Extent 428
650 ## - SUBJECT ADDED ENTRY--TOPICAL TERM
Topical term or geographic name as entry element B.Tech(CSE)
942 ## - ADDED ENTRY ELEMENTS (KOHA)
Source of classification or shelving scheme Dewey Decimal Classification
Koha item type Text Books
Holdings
Withdrawn status Lost status Source of classification or shelving scheme Damaged status Not for loan Collection code Home library Current library Date acquired Source of acquisition Cost, normal purchase price Bill Number Total Checkouts Full call number Acc. no. / Barcode Date last seen Actual Cost, discounted price Bill Date Koha item type Checked out Date last borrowed Currency
    Dewey Decimal Classification     B.Tech(CSE) PIET C-LIBRARY PIET C-LIBRARY 21/07/2020 Kirti Prakashan 569.00 IN3888   006.31 DUM 30614 04/12/2019 386.92 16/05/2019 Reference Books      
    Dewey Decimal Classification     B.Tech(CSE) PIET C-LIBRARY PIET C-LIBRARY 21/07/2020 Kirti Prakashan 569.00 IN3888 2 006.31 DUM 30615 03/04/2026 386.92 16/05/2019 Text Books 21/10/2026 03/04/2026  
    Dewey Decimal Classification     B.Tech(CSE) PIET C-LIBRARY PIET C-LIBRARY 21/07/2020 Kirti Prakashan 569.00 IN3888 5 006.31 DUM 30616 07/01/2026 386.92 16/05/2019 Text Books   13/09/2025  
    Dewey Decimal Classification     B.Tech(CSE) PIET C-LIBRARY PIET C-LIBRARY 21/07/2020 Kirti Prakashan 569.00 IN3888 3 006.31 DUM 30617 18/08/2025 386.92 16/05/2019 Text Books   12/06/2025  
    Dewey Decimal Classification     B.Tech(CSE) PIET C-LIBRARY PIET C-LIBRARY 21/07/2020 Kirti Prakashan 569.00 IN3888 4 006.31 DUM 30618 12/02/2026 386.92 16/05/2019 Text Books   03/10/2024  
    Dewey Decimal Classification     Computer Science and Engineering in AI & Machine Learning PIET C-LIBRARY PIET C-LIBRARY 27/03/2024 Zafaa Books and Distributors 685.00 ZBD0466 1 006.31 DUM 36801 18/12/2025 465.80 27/03/2024 Text Books 06/07/2026 18/12/2025 In rupees
    Dewey Decimal Classification     Computer Science and Engineering in AI & Machine Learning PIET C-LIBRARY PIET C-LIBRARY 27/03/2024 Zafaa Books and Distributors 685.00 ZBD0466 2 006.31 DUM 36802 18/09/2025 465.80 27/03/2024 Text Books   04/09/2025 In rupees

Design & Developed by: PIET Central Library
R70 Miles Stone Pattikalyana Samalkha Panipat 132102
mail ID :- [email protected], Phone No:- 0180-2569700 Ex.216